000 00905nac a22002777a 4500
001 BR9301302
003 BR-BrBNA
005 20240105121427.0
008 230509b bl.|||m| |||| 00| 0 por d
040 _aBR-BrBNA
_bpor
_cBiblioteca Nacional de Agricultura
072 _aE12
090 _aE12 BR9301302
100 1 _aJatoba, J.
110 1 _aPrograma Nacional de Pesquisa Economica, Rio de Janeiro, RJ (Brasil)
_98044
245 1 _aParticipacao na forca de trabalho e ciclo economico: Brasil, 1979-1986
260 3 _aRio de Janeiro, RJ (Brasil):
_c1989.
300 _a52 p.
490 _aSerie Fac-Simile - Programa Nacional de Pesquisa Economica (Brazil)
_vno. 32
_x
500 _a5 tables; 22 ref.
650 _aTrabalho
650 _aEmprego
650 _aFator de Producao
650 _aMercado de Trabalho
909 _a202312
_bLúcia Elande
_c55
_dLúcia Elande
942 _2AGRIS
_n0
_cMS
999 _c285238
_d285238